Pays fausse lettre - Statistiques

Statistiques générales
  • Ce quiz a été pris 177 fois
  • Le résultat moyen est 16 sur 17
Statistiques - réponses
Hint Réponse % Correct
Trance France
98%
Grâce Grèce
98%
Malle Malte
98%
Chipe Chine
97%
Jupon Japon
96%
Angela Angola
95%
Cubi Cuba
95%
Lexique Mexique
95%
Nager Niger
95%
Mérou Pérou
95%
Sertie Serbie
95%
Cuisse Suisse
95%
Toto Togo
95%
Gazon Gabon
94%
Grésil Brésil
93%
Série Syrie
92%
Conga Tonga
92%
Aucun quiz correspondant
Distribution des résultats
% des personnes avec chaque résultat
Percentile par nombre de réponses
Votre historique - résultats
Vous n’avez pas pris ce quiz